000 01872cam a2200277 4500500
005 20260322005741.0
041 _afre
042 _adc
100 1 0 _aBanens, Maks
_eauthor
245 0 0 _aInégalités de genre dans l’aide aux proches dépendants
260 _c2023.
500 _a47
520 _aCet article présente les chiffres les plus récents concernant le caractère genré de l’aide aux proches dépendants et propose quelques pistes d’interprétation. Les données et observations sont issues de l’enquête Care (Drees, 2015) et de la post-enquête Pegase (Banens et al., 2018). Les résultats sont contrastés. Les pratiques de l’aide – le fait d’aider ou non, la part de l’aide prise en charge – s’avèrent peu genrées, à l’exception notable des fils et filles de fratries mixtes. En revanche, les conséquences négatives de l’aide – fatigue, dépression, anxiété et autres troubles – sont très genrées, y compris là où les pratiques ne le sont pas. Il pourrait s’agir, du moins partiellement, d’un conflit entre rôle d’aidant et rôle de genre. De façon inattendue, le rôle d’aidant semble mieux convenir aux hommes qu’aux femmes, car représentant la force, la protection des faibles. L’homme aidant est héroïsé, la femme aidante rencontre de la compassion.
690 _aaidant cohabitant
690 _aaidant non cohabitant
690 _aaidantes
690 _aaidants
690 _adépendance
690 _adifférences entre hommes et femmes aidants
690 _agenre
690 _aperte d’autonomie
690 _aproches aidants
690 _arôles sexuels traditionnels
786 0 _nInformations sociales | 208 | 4 | 2023-05-03 | p. 24-32 | 0046-9459
856 4 1 _uhttps://shs.cairn.info/revue-informations-sociales-2022-4-page-24?lang=fr&redirect-ssocas=7080
999 _c1751050
_d1751050